000 02020cam a22004214i 4500
003 PE-LiUPU
005 20250731183432.0
008 150706s r 000 0 d
020 _a9786124005572
035 _a(Sirsi) i9786124005572
040 _aPE-LiUPU
_bspa
_cPE-LiUPU
_erda
049 _aPRUA
082 0 4 _a720.2840285536
_bQ5
_221
100 1 _aQuezada Cerna, Carlos ,
_eautor.
245 1 0 _aAutodesk Revit Architexture 2011 :
_bpaso a paso /
_cCarlos Quezada Cerna.
264 1 _a[Lima] :
_bMegabyte Grupo Editorial,
_c2011.
300 _a671 páginas :
_bilustraciones ;
_c25 cm.
300 _a01CD-ROM
336 _atext
_2rdacontent
337 _aunmediated
_2rdamedia
338 _avolume
_2rdacarrier
505 0 _aEmpezando autodesk revit architecture -- Creación de una construcción con muros ventanas y puertas -- Administración y creación de vistas -- Herramientas de edición -- Cotas y anotaciones -- Suelos -- Cubiertas -- Techos -- Escaleras rampas y barandillas -- Habitaciones y áreas -- Detalles -- Diseño del emplazamiento -- Familias de revit -- Elementos estructurales -- Planos e impresión -- Modelizado y animaciones.
526 _aP158
526 _aP146
526 _aP17
526 _aP12
526 _aP06
541 _g001-003517;
650 1 4 _aAutodesk Revit (Programa para computadora).
650 2 4 _aDibujo Arquitectónico
_xDiseño asistido por computadora.
650 2 4 _aDiseño arquitectónico
_xProcesamiento de datos.
910 _agl
_cjck
_d20120528
942 _2ddc
_cBOOK
949 _a720.2840285536 Q5
_wDEWEY
_c1
_i64761
_lCCODEBUL1
_mBUL
_p15.00
_r0
_sY
_tBOOK
_u2015-7-6
_xINGENIERIA
_PP06
_o.STAFF. Colección General
994 _aC0
_bPEPRU
596 _a1
999 _a720.2840285536 Q5
_wDEWEY
_c53466
_i64761
_d53466
_e2018-11-8
_f2021-11-9
_g7
_lCCODEBUL1
_mBUL
_n2
_p15.00
_r0
_sY
_tBOOK
_u2015-7-6
_xINGENIERIA
_PP06
_0COMPRA
_o.STAFF. Colección General
980 _81
_gALBERTO SANCHEZ Responsable de Automatización